000 00209nam a22000977a 4500
008 170117b xxu||||| |||| 00| 0 eng d
041 _aeng
080 _a618.2
245 _aWOUND CLOSURE MANUAL
942 _2udc
_cBK
999 _c2993
_d2993